000 02515cam a2200541 i 4500
001 sky304067733
003 SKY
005 20211202151318.0
008 200827s2021 nyua j 000 0 eng d
020 _a9781545807088
_q(hardcover)
020 _a1545807086
_q(hardcover)
040 _dSKYRV
_erda
_dCoBoFLC
041 1 _aeng
_hfre
050 _aPZ
082 0 4 _a741
_223
092 _ajunior fiction graphic
_bTrondheim
100 1 _aTrondheim, Lewis,
_eauthor.
_96435680
245 1 4 _aThe fly /
_cLewis Trondheim ; translated by Jim Salicrup ; preface translated by Joe Johnson.
260 _aNew York :
_bPapercutz,
_cc2021.
264 1 _bPapercutz
_c2021.
_aNew York :
300 _a112 pages :
_bchiefly illustrations ;
_c22 cm.
336 _atext
336 _astill image
337 _aunmediated
338 _avolume
500 _aOriginally published in French as Mouche: [Paris] : Editions du Seuil, 1995.
520 _aTrondheim, tells the exciting life story of a common housefly. From the fly's birth to his inevitable end, we see everything this creature goes through simply to survive... from the fly's perspective. We guarantee you've never looked at your kitchen the way the fly does. While there's plenty of humor, there's thrills and chills as well, especially when the fly meets a spider. You may never have liked flies before, but once you meet this little guy, you may be surprised how much you can like a fly.
521 2 _a3456
_bChildrens Plus, Inc.
650 0 _aHousefly
_vJuvenile fiction.
_96435681
650 0 _aSurvival
_vJuvenile fiction.
_95674045
650 0 _aFlies
_vJuvenile fiction.
_95707485
650 0 _aInsects
_vJuvenile fiction.
_95685179
650 0 _aFlies
_vComic books, strips, etc.
_96435682
650 0 _aInsects
_vComic books, strips, etc.
_96369458
650 0 _aFlies
_vComic books, strips, etc.
_96435682
650 0 _aInsects
_vComic books, strips, etc.
_96369458
650 1 _aHousefly
_vFiction.
_96435683
650 1 _aFlies
_vFiction.
_95707484
650 1 _aSurvival
_vFiction.
_95673621
655 7 _aWordless comics.
_2lcgft.
_96435684
655 7 _aHumorous comics.
_2lcgft.
_95716565
655 7 _aComics (Graphic works)
_2lcgft.
_95689343
655 7 _aGraphic novels.
_2lcgft.
700 1 _aSalicrup, Jim,
_etranslator.
_96435685
700 1 _aJohnson, E. Joe
_q(Edward Joe),
_etranslator.
_96349200
730 0 _aMouche.
_lEnglish.
_96435686
942 _2ddc
_cBOOK
999 _c368189
_d368189